000 00468nam a2200181Ia 4500
008 090124s9999 xx 000 0 und d
082 _b124745
100 _aवैद्य सुरेश.
245 _a फीलिंग
250 _a1
260 _c1991
300 _a163
600 _aवैद्य सुरेश.
630 _a फीलिंग
700 _aवैद्य सुरेश.
730 _a फीलिंग
942 _cBOOK
999 _c170832
_d170832